Vine References - Statistics

General Stats
  • This quiz has been taken 1,543 times
  • The average score is 9 of 15
Answer Stats
Hint Answer % Correct
____ ____ ahead? Uh yeah, I sure hope it does Road work
96%
Stop, I coulda dropped my ______ Croissant
91%
Hurricane Katrina? More like _______ ________ Hurricane Tortilla
89%
Oh my god they were ________ Roommates
79%
Hi, welcome to ______ Chili's
78%
I'm in me mum's car. _____ _____ Vroom vroom
75%
I smell like ____ Beef
71%
Hi my name's ___, I got a basketball game tomorrow Trey
63%
Happy birthday Raven! I can't ____ Swim
58%
Can I get a _____? Can I please get a ______? Waffle
54%
Welcome to ____ ____, we're all children of Jesus Bible study
42%
Back at it again at ____ _____ Krispy Kreme
33%
I still haven't found my _______ Berries
18%
But when I come around, you don't wanna ____ __ Post up
18%
I've never went to ____ ____ Oovo javer
12%
No matching quizzes found
Score Distribution
Percent of People with Each Score
Percentile by Number Answered
Your Score History
You have not taken this quiz